[Event "GER-chT U20"]
[Site "Hamburg"]
[Date "2001.12.29"]
[Round "6.6"]
[White "Hupatz, Henrik"]
[Black "Krohn, Robert"]
[Result "1-0"]
[WhiteElo "1171"]
[BlackElo "1604"]
[PlyCount "37"]
[EventDate "2001.12.26"]
[EventType "team"]
[EventRounds "7"]
[EventCountry "GER"]
[SourceTitle "EXT 2003"]
[Source "ChessBase"]
[SourceDate "2002.11.25"]
[SourceVersion "1"]
[SourceVersionDate "2002.11.25"]
[SourceQuality "1"]

1. e4 e6 2. d4 d5 3. exd5 exd5 4. Bd3 Bd6 5. Nc3 Ne7 6. Nb5 c6 7. Nxd6+ Qxd6 8. Ne2 Be6 9. Bf4 Qb4+ 10. c3 Qxb2 11. 0-0 Qa3 12. Rb1 Nd7 13. Qd2 0-0 14. Ng3 Qa5 15. Bh6 Nf6 16. Bg5 Kh8 17. Bxf6 gxf6 18. Qh6 f5 19. Nh5 1-0

[Event "GER-chT U20"]
[Site "Hamburg"]
[Date "2001.12.27"]
[Round "2.6"]
[White "Hupatz, Henrik"]
[Black "Elgourt, Maja"]
[Result "1/2-1/2"]
[WhiteElo "1171"]
[BlackElo "1536"]
[PlyCount "44"]
[EventDate "2001.12.26"]
[EventType "team"]
[EventRounds "7"]
[EventCountry "GER"]
[SourceTitle "EXT 2003"]
[Source "ChessBase"]
[SourceDate "2002.11.25"]
[SourceVersion "1"]
[SourceVersionDate "2002.11.25"]
[SourceQuality "1"]

1. e4 d6 2. d4 Nf6 3. Nc3 g6 4. Nf3 Bg7 5. Be3 0-0 6. Bc4 b6 7. 0-0 Ba6 8. Bxa6 Nxa6 9. a3 c5 10. Qd2 cxd4 11. Nxd4 Nc5 12. f3 a6 13. b4 Ncd7 14. Bh6 b5 15. Bxg7 Kxg7 16. Nce2 Qb6 17. Kh1 Ne5 18. Nc3 Nc4 19. Qd3 Nb2 20. Qd2 Nc4 21. Qd3 Ne5 22. Qd2 Nc4 1/2-1/2

[Event "GER-ch U12"]
[Site "Willingen"]
[Date "2001.06.04"]
[Round "3"]
[White "Hupatz, Henrik"]
[Black "Maliezefski, Anne"]
[Result "1-0"]
[WhiteElo "1117"]
[BlackElo "946"]
[PlyCount "119"]
[EventDate "2001.06.03"]
[EventType "swiss"]
[EventRounds "11"]
[EventCountry "GER"]
[SourceTitle "EXT 2003"]
[Source "ChessBase"]
[SourceDate "2002.11.25"]
[SourceVersion "1"]
[SourceVersionDate "2002.11.25"]
[SourceQuality "1"]

1. e4 e6 2. d4 d5 3. exd5 exd5 4. Bd3 Nf6 5. Nc3 Bb4 6. Nge2 Qe7 7. Be3 Nc6 8. Qd2 Ng4 9. 0-0-0 Nxe3 10. fxe3 Be6 11. e4 f6 12. Qe3 Bf7 13. Qf2 0-0 14. Nxd5 Bxd5 15. exd5 Nd8 16. h4 Nf7 17. g4 Nh6 18. Qg2 Qe3+ 19. Kb1 Be7 20. Rdg1 Nf7 21. Ng3 Nd6 22. Nf5 Nxf5 23. Bxf5 h6 24. Be6+ Kh8 25. g5 fxg5 26. hxg5 Bxg5 27. a3 Qd2 28. Qg3 Qf4 29. Qxg5 Qxg5 30. Rxg5 Rae8 31. Rg4 Rf6 32. Rhg1 Re7 33. Rg6 Rf8 34. b4 Rf4 35. c3 Rf3 36. Kb2 Rf2+ 37. Kb3 b6 38. a4 a6 39. Bc8 Rf8 40. Bxa6 Rd8 41. Bb7 Rd6 42. a5 bxa5 43. bxa5 Rxg6 44. Rxg6 Kh7 45. Rg1 Re8 46. a6 Rb8 47. Kc4 Rd8 48. a7 g5 49. a8Q Rxa8 50. Bxa8 Kg7 51. Kc5 Kf7 52. Kc6 Ke7 53. Kxc7 h5 54. d6+ Ke6 55. d7 h4 56. d8Q Kf5 57. Qxg5+ Ke6 58. Qg6+ Ke7 59. Re1+ Kf8 60. Re8# 1-0